| 000 | 00993cam a22003014a 4500 | ||
|---|---|---|---|
| 001 | 12464967 | ||
| 003 | OSt | ||
| 005 | 20170920120133.0 | ||
| 008 | 010710s2002 njuab b 001 0 eng | ||
| 010 | _a 2001046157 | ||
| 020 | _a013817198X (alk. paper) | ||
| 040 |
_aDLC _cDLC _dDLC |
||
| 042 | _apcc | ||
| 043 | _an-us--- | ||
| 050 | 0 | 0 |
_aHN16 _b.M24 2002 |
| 082 | 0 | 0 |
_a361.1 _221 |
| 100 | 1 | _aMacionis, John J. | |
| 245 | 1 | 0 |
_aSocial problems / _cJohn J. Macionis with Patricia Gagné. |
| 260 |
_aUpper Saddle River, NJ : _bPrentice Hall, _cC2002. |
||
| 300 |
_axxix, 546 p. : _bcol. ill, maps, ; _c27 cm. |
||
| 504 | _aIncludes bibliographical references (p. 491-519) and indexes. | ||
| 650 | 0 | _aSocial problems. | |
| 650 | 0 |
_aSocial problems _zUnited States. |
|
| 700 | 1 | _aGagné, Patricia. | |
| 906 |
_a7 _bcbc _corignew _d1 _eocip _f20 _gy-gencatlg |
||
| 942 |
_2lcc _cBK |
||
| 999 |
_c51507 _d51507 |
||